00583nam a22002057a 450000500170000000800410001702000110005803500130006903700130008204000120009508200080010710000170011524500950013224600060022726000450023327000390027830000380031765000080035565000140036320190525140341.0190525b ||||| |||| 00| 0 eng d c315.00 aB-223162 bBPPD/PUB aDPLbEN a000 aGyan Prakash aR.Gupta's popular master guide LL.B. entrance examination (5year Course)/cby Gyan prakash b  bRamesh Publishing Housec2008aNew Delhi bNew Delhia4457, Nai sarake110002 avarious pagings :c24cm(Hb)bill. alaw aLaw guide